ბათუმის შოთა რუსთაველის სახელმწიფო უნივერსიტეტის ბიბლიოთეკა

Латинско-русский словарь / (ბიბ.ჩანაწერი № 61000)

000 -LEADER
fixed length control field 00963nam a22001577a 4500
005 - DATE AND TIME OF LATEST TRANSACTION
control field 20231205131553.0
008 - FIXED-LENGTH DATA ELEMENTS--GENERAL INFORMATION
fixed length control field 231205s1986 ru ||||| |||| 00| 0 rus d
080 ## - UNIVERSAL DECIMAL CLASSIFICATION NUMBER
Universal Decimal Classification number 81'374.822=124=161.1 Д-24
100 ## - MAIN ENTRY--PERSONAL NAME
Personal name Дворецкий, И. Х.
9 (RLIN) 20587
245 ## - TITLE STATEMENT
Title Латинско-русский словарь /
Statement of responsibility, etc. И. Х. Дворецкий.
264 ## - PRODUCTION, PUBLICATION, DISTRIBUTION, MANUFACTURE, AND COPYRIGHT NOTICE
Place of production, publication, distribution, manufacture Москва :
Name of producer, publisher, distributor, manufacturer Русский язык,
Date of production, publication, distribution, manufacture, or copyright notice 1986.
300 ## - PHYSICAL DESCRIPTION
Extent 850 с.;
Other physical details 27 см.
653 ## - INDEX TERM--UNCONTROLLED
keyword ლათინური-რუსული ლექსიკონი
856 ## - ELECTRONIC LOCATION AND ACCESS
Uniform Resource Identifier https://tdseminaria.ru/images/zfo/5%20%D0%BA%D1%83%D1%80%D1%81/%D0%9B%D0%B0%D1%82%D0%B8%D0%BD%D1%81%D0%BA%D0%B8%D0%B9%20%D1%8F%D0%B7%D1%8B%D0%BA/%D0%9B%D0%B0%D1%82%D0%B8%D0%BD%D1%81%D0%BA%D0%BE-%D1%80%D1%83%D1%81%D1%81%D0%BA%D0%B8%D0%B9%20%D1%81%D0%BB%D0%BE%D0%B2%D0%B0%D1%80%D1%8C%20%D0%98.%D0%A5.%D0%94%D0%B2%D0%BE%D1%80%D0%B5%D1%86%D0%BA%D0%BE%D0%B3%D0%BE.pdf
Link text ელ. ვერსია pdf
942 ## - ADDED ENTRY ELEMENTS (KOHA)
Source of classification or shelving scheme
Koha item type წიგნი
ეგზემპლარები
Withdrawn status Lost status Source of classification or shelving scheme Damaged status Not for loan Permanent Location Current Location Shelving location Date acquired Cost, normal purchase price Full call number Barcode Date last seen Copy number Uniform Resource Identifier Price effective from Koha item type Public note
          ბათუმის შოთა რუსთაველის სახელმწიფო უნივერსიტეტის მთავარი ბიბლიოთეკა ბათუმის შოთა რუსთაველის სახელმწიფო უნივერსიტეტის მთავარი ბიბლიოთეკა წიგნსაცავი 2023-12-05 12.00 81'374.822=124=161.1 Д-24 65533 2023-12-05 65533 ბსუ-ს საპატიო დოქტორის გურამ ლორთქიფანიძის საჩუქარი 2023-12-05 წიგნი 12 ლ.